01244nam a2200241Ia 4500001000900000003001000009008004100019040002500060041001300085100001600098245001200114250001100126260008500137300001200222500020400234501011400438520020400552650003400756942000700790957000600797999004100803952015800844L070-415IT-CnALBA170116s9999||||xx |||||||||||||| ||und|| aIT-CnALBAcIT-CnALBA aITALIANO aRICCI BERTO 0aAVVISI  a1a ed. a FIRENZEbVALLECCHI A. - EDITORE c1943 [1° Ed.:1943 - Ed.Ling.Originale: 1943] a192 p.  aAVVISI SULL'UNIVERSALE (FOGLIO FONDATO DA RICCI BERTO). MENSILE. DI CULTURA FASCISTA. ALCUNI COLLABORATORI: BERTOLINI G. CONTRI G. ERSOCH G. LUCHINI A. PAVESE R. PETRONE I ROSAI B. ROSAI O. SULIS E.  aSocietà San Paolo EM - Piazza San Paolo, 14 - 12051 ALBA (CN) (non commercial uses only) ® Copyright 2017 aAVVISI SULL'UNIVERSALE (FOGLIO FONDATO DA RICCI BERTO). MENSILE. DI CULTURA FASCISTA. ALCUNI COLLABORATORI: BERTOLINI G. CONTRI G. ERSOCH G. LUCHINI A. PAVESE R. PETRONE I ROSAI B. ROSAI O. SULIS E.  aGIORNALISMO EDITORIA GIORNALI cBK 71 a514bSI g Copie: 1 c259651d259651 0010406L_07041571aALBAbALBAd2017-01-16l0oL070-415r2017-01-16 00:00:00w2017-01-16yBKz(data import: 16 gennaio 2017) - By Epidotti, Vaglietti.